1175 1989 1839 1434 1361 1430 1365 1095 1149 1781 1823 1562 1405 1860 1736 1568 1103 1469 1182 1770 1156 1388 1361 1840 1682 1919 1051 1080 1138 1117 1979 1785 1243 1024 1156 1970 1995 1835 1841 1867 1293 1026 1265 1801 1048 1277 1604 1109 1315 1272 1929 1785 1599 1279 1294 1961 1931 1933 1095 1600 1652 1170 1939 1102 1413 1726 1617 1265 1130 1654 1689 1012 1603 1817 1678 1842 1293 1585 1291 1486 1062 1046 1723 1895 1855 1278 1163 1164 1236 1464 1396 1243 1317 1922 1515 1313 1619 1256 1670 BCNSPRNW ULIB Ver.6.0+V

เปลี่ยนเป็นภาษาไทย

Change to English
 แสดงรายละเอียดบรรณานุกรม
  กลับหน้าหลัก

Brief Record : Get Marc (ISO 2709) : E-mail record : QR code < ปิดหน้าต่าง
LEADER : 00000nam 2200000uu 4500
001    13399121199
003     ULIB
008    020711s2551 th a 000 0 tha d
020    9789740559931
050    PE1130 ย127ห
100    ยงยุทธ์ วิริยายุทธังกุร
245    หลักการใช้ TENSES /^cยงยุทธ์ วิริยายุทธังกุร
250    พิมพ์ครั้งที่ 1
260     ^bม.ป.ท.,^c2551
300    416 หน้า
945    ^p280^l0^i15267
999    ^aทศพร เกษรทอง
รายการนี้ยังไม่มีแท็ก
คุณยังไม่ได้ล็อกอิน คุณสามารถมีกิจกรรมร่วมกับเว็บไซต์ได้ แต่ต้องล็อกอินก่อน ::
  ล็อกอิน

รายการสื่อสารสนเทศ

ลำดับที่ ประเภท เลขเรียก/บาร์โค้ด สถานที่ สถานะ
1. วิทยาศาสตร์การแพทย์ และสุขภาพ
วิทยาศาสตร์การแพทย์ และสุขภาพ
PE1130 ย127ห  
  Barcode: 15267
ห้องสมุดวิทยาเขตสวรรค์ประชารักษ์
►หนังสือทั่วไป
บนชั้น

BibComment


ยังไม่เคยถูกคอมเมนท์

คอมเมนท์ทรัพยากรรายการนี้
  คอมเมนท์: หลักการใช้ TENSES..


 Copyright 2026. Bcnsprnw @Library